[Event "4NCL/Div2a/BARY vs. WES1"]
[Site "Hinckley Island ENG"]
[Date "2010.02.21"]
[Round "6.6"]
[White "Yeo, Michael J"]
[Black "Smith, Ivor BN"]
[Result "1/2-1/2"]
[WhiteElo "2147"]
[BlackElo "2145"]
[PlyCount "70"]
[EventDate "2010.02.21"]
[SourceDate "2009.10.24"]

1. e4 c5 2. Nf3 d6 3. d4 cxd4 4. Nxd4 Nf6 5. Nc3 a6 6. Bg5 e6 7. f4 Be7 8. Qf3
Qc7 9. O-O-O Nbd7 10. Bd3 b5 11. Rhe1 h6 12. e5 Bb7 13. Qh3 O-O-O 14. exf6 hxg5
15. fxe7 Rxh3 16. exd8=Q+ Qxd8 17. gxh3 gxf4 18. Bxb5 axb5 19. Ndxb5 d5 20.
Nd6+ Kb8 21. Nxb7 Kxb7 22. Nxd5 Qg5 23. Nc3 f3+ 24. Kb1 Ne5 25. Ne4 Qf4 26. Ng3
f5 27. b3 g6 28. a4 Kc7 29. Kb2 g5 30. a5 f2 31. Re2 Qf3 32. Rf1 Qd5 33. Rfxf2
Qxa5 34. Rf1 Qb6 35. Nxf5 exf5 1/2-1/2

[Event "4NCL/Div2a/BARY vs. WES1"]
[Site "Hinckley Island ENG"]
[Date "2010.02.21"]
[Round "6.7"]
[White "Farrand, Julian T"]
[Black "Clark, Ian C"]
[Result "1/2-1/2"]
[WhiteElo "2112"]
[BlackElo "2072"]
[PlyCount "81"]
[EventDate "2010.02.21"]
[SourceDate "2009.10.24"]

1. d4 Nf6 2. Nc3 d5 3. Bg5 e6 4. e4 dxe4 5. Nxe4 Be7 6. Bxf6 Bxf6 7. Nf3 Nd7 8.
Qd2 O-O 9. O-O-O c6 10. Bd3 a5 11. Nxf6+ Qxf6 12. Ng5 g6 13. Qe3 e5 14. Ne4 Qg7
15. Be2 exd4 16. Qxd4 Qxd4 17. Rxd4 Kg7 18. Rhd1 Nf6 19. Nd6 Rb8 20. Bf3 Be6
21. Ra4 Bd5 22. Bxd5 Nxd5 23. Rxa5 Rfd8 24. Nxb7 Rxb7 25. c4 Rc7 26. Rc5 Ra8
27. cxd5 Rxa2 28. dxc6 Ra6 29. Rd6 Kf8 30. b4 Ke7 31. Rd7+ Rxd7 32. cxd7 Kxd7
33. Kb2 Kd6 34. Kb3 Ra1 35. Rc2 Rb1+ 36. Rb2 Rh1 37. Rc2 Rxh2 38. b5 Rxg2 39.
b6 Rg5 40. Kb4 Rg1 41. Kb5 1/2-1/2

[Event "4NCL/Div2a/BARY vs. WES1"]
[Site "Hinckley Island ENG"]
[Date "2010.02.21"]
[Round "6.8"]
[White "Thilaganathan, Jessica"]
[Black "Cumming, Rhys"]
[Result "0-1"]
[WhiteElo "1900"]
[BlackElo "1969"]
[PlyCount "76"]
[EventDate "2010.02.21"]
[SourceDate "2009.10.24"]

1. d4 Nf6 2. c4 g6 3. Nc3 d5 4. cxd5 Nxd5 5. e4 Nxc3 6. bxc3 Bg7 7. Bc4 O-O 8.
Ne2 c5 9. Be3 Nc6 10. Rc1 cxd4 11. cxd4 Qa5+ 12. Kf1 Qa3 13. Rc3 Qd6 14. h4 Rd8
15. h5 Bxd4 16. Nxd4 Nxd4 17. hxg6 hxg6 18. e5 Qb4 19. Rc1 Be6 20. Bxe6 Nxe6
21. Qe2 Nf4 22. Bxf4 Qxf4 23. Rc4 Rd1+ 24. Qxd1 Qxc4+ 25. Qe2 Qc1+ 26. Qe1 Rc8
27. Rh3 Qb2 28. Rb3 Qxa2 29. Rb1 Rc2 30. Rd1 b6 31. Kg1 Qc4 32. Qe3 Kg7 33. Ra1
Qc5 34. Rxa7 Qxe3 35. fxe3 e6 36. Rb7 Rb2 37. Kf1 g5 38. Kg1 Kg6 0-1

[Event "4NCL/Div2a/AMCAD vs. BRJ"]
[Site "Hinckley Island ENG"]
[Date "2010.02.21"]
[Round "6.1"]
[White "Webb, Richard M"]
[Black "Richmond, Peter A"]
[Result "1/2-1/2"]
[WhiteElo "2260"]
[BlackElo "2247"]
[PlyCount "23"]
[EventDate "2010.02.21"]
[SourceDate "2009.10.24"]

1. e4 e5 2. Nf3 Nc6 3. Bb5 a6 4. Bxc6 dxc6 5. O-O Bd6 6. d4 exd4 7. Qxd4 f6 8.
Be3 Ne7 9. Nbd2 Be6 10. Qc3 Ng6 11. Nc4 Bxc4 12. Qxc4 1/2-1/2

[Event "4NCL/Div2a/AMCAD vs. BRJ"]
[Site "Hinckley Island ENG"]
[Date "2010.02.21"]
[Round "6.2"]
[White "Girdlestone, Paul C"]
[Black "Richardson, Keith B"]
[Result "1/2-1/2"]
[WhiteElo "2135"]
[BlackElo "2168"]
[PlyCount "43"]
[EventDate "2010.02.21"]
[SourceDate "2009.10.24"]

1. d4 Nf6 2. Nc3 g6 3. e4 d6 4. Nf3 Bg7 5. Be2 O-O 6. O-O a6 7. a4 b6 8. Re1 e6
9. Be3 Bb7 10. Nd2 Nc6 11. Nb3 e5 12. d5 Ne7 13. a5 b5 14. Bf3 Nd7 15. g4 f5
16. exf5 gxf5 17. Bg5 Nf6 18. gxf5 Bc8 19. Nc5 dxc5 20. d6 Rb8 21. dxe7 Qxe7
22. Bd5+ 1/2-1/2

[Event "4NCL/Div2a/AMCAD vs. BRJ"]
[Site "Hinckley Island ENG"]
[Date "2010.02.21"]
[Round "6.3"]
[White "Coates, Kenneth G"]
[Black "Truran, Michael C"]
[Result "1-0"]
[WhiteElo "2220"]
[BlackElo "2215"]
[PlyCount "65"]
[EventDate "2010.02.21"]
[SourceDate "2009.10.24"]

1. e4 c5 2. c3 Nf6 3. e5 Nd5 4. d4 cxd4 5. Nf3 e6 6. cxd4 b6 7. Bc4 Bb7 8. O-O
Be7 9. Bxd5 Bxd5 10. Nc3 Bc4 11. Re1 O-O 12. d5 Bb4 13. Re4 exd5 14. Nxd5 Bxd5
15. Qxd5 Nc6 16. Bg5 Be7 17. Bf4 Rc8 18. Rd1 Nb8 19. Qd2 Rc6 20. Nd4 Rc4 21.
Ne6 Rxe4 22. Nxd8 Rxd8 23. Bg3 Rc4 24. e6 f6 25. Qd5 Rc5 26. Qb7 dxe6 27. Rxd8+
Bxd8 28. h3 Nc6 29. Qd7 h6 30. b4 Rc1+ 31. Kh2 a6 32. Bf4 Rc3 33. Qxe6+ 1-0

[Event "4NCL/Div2a/AMCAD vs. BRJ"]
[Site "Hinckley Island ENG"]
[Date "2010.02.21"]
[Round "6.4"]
[White "Hall, Daniel J"]
[Black "Frostick, Clive A"]
[Result "0-1"]
[WhiteElo "2138"]
[BlackElo "2160"]
[PlyCount "134"]
[EventDate "2010.02.21"]
[SourceDate "2009.10.24"]

1. e4 c5 2. Nf3 e6 3. d4 cxd4 4. Nxd4 Nf6 5. Nc3 Nc6 6. Ndb5 Bb4 7. a3 Bxc3+ 8.
Nxc3 d5 9. exd5 exd5 10. Bd3 d4 11. Ne2 h6 12. O-O O-O 13. Bf4 Qd5 14. Bg3 Rd8
15. Nf4 Qc5 16. Re1 a5 17. Qe2 Bf5 18. Nh5 Nxh5 19. Qxh5 Rd5 20. Qf3 Bxd3 21.
Qxd3 Qb6 22. Qe4 Rd7 23. b3 Qc5 24. Qd3 Re7 25. Rxe7 Qxe7 26. f3 Re8 27. Re1
Qd7 28. Re4 Re6 29. Bf2 Rxe4 30. Qxe4 g6 31. Bg3 Qd8 32. h3 Qg5 33. Bf4 Qc5 34.
Kh2 g5 35. Bg3 Qxa3 36. h4 Qe7 37. Qg4 Qe6 38. Qh5 Qg6 39. Qxg6+ fxg6 40. hxg5
hxg5 41. Kg1 b5 42. Kf1 a4 43. bxa4 bxa4 44. Bd6 Kf7 45. Ke2 Ke6 46. Ba3 Ne5
47. Bb2 Kd5 48. g3 g4 49. fxg4 Ke4 50. g5 Nc4 51. Ba1 Ne3 52. Kd2 Nf1+ 53. Ke1
Nxg3 54. Kd2 Nf1+ 55. Ke2 Ne3 56. Kd2 Nc4+ 57. Ke2 Ne5 58. Bb2 Nc4 59. Ba1 Na3
60. Kd2 Nb5 61. Ke2 Nc7 62. Bb2 Nb5 63. Ba1 a3 64. Kd2 Nc7 65. c3 d3 66. c4 Ne6
67. Bf6 Nd4 0-1

[Event "4NCL/Div2a/AMCAD vs. BRJ"]
[Site "Hinckley Island ENG"]
[Date "2010.02.21"]
[Round "6.5"]
[White "Hart, David PO"]
[Black "Padilla Cabero, Pablo"]
[Result "0-1"]
[WhiteElo "2012"]
[BlackElo "2142"]
[PlyCount "36"]
[EventDate "2010.02.21"]
[SourceDate "2009.10.24"]

1. e4 Nf6 2. e5 Nd5 3. d4 c5 4. c4 Nb4 5. d5 d6 6. a3 Qa5 7. Bd2 Bf5 8. exd6 e5
9. dxe6 fxe6 10. g4 Bg6 11. Nf3 Nd7 12. Nh4 Be4 13. f3 Qd8 14. Bxb4 Qxh4+ 15.
Kd2 Bxb1 16. Qxb1 Qf2+ 17. Be2 Qd4+ 18. Kc1 cxb4 0-1

[Event "4NCL/Div2a/AMCAD vs. BRJ"]
[Site "Hinckley Island ENG"]
[Date "2010.02.21"]
[Round "6.6"]
[White "Haydon, Richard"]
[Black "Sparkes, Daniel A"]
[Result "1-0"]
[WhiteElo "2184"]
[BlackElo "2066"]
[PlyCount "139"]
[EventDate "2010.02.21"]
[SourceDate "2009.10.24"]

1. Nf3 c5 2. g3 Nc6 3. Bg2 Nf6 4. O-O g6 5. c4 Bg7 6. Nc3 O-O 7. d4 cxd4 8.
Nxd4 Ne4 9. Nxc6 Nxc3 10. Nxd8 Nxd1 11. Nxb7 Bxb7 12. Rxd1 Bxg2 13. Kxg2 d6 14.
Rb1 Rfc8 15. b3 a5 16. Bg5 Kf8 17. Rdc1 Ke8 18. e4 Bd4 19. Rc2 Bc5 20. Bd2 Rcb8
21. Kf3 Rb7 22. Bc3 f6 23. Ke2 Kd7 24. Kd3 Kc6 25. f4 Bb4 26. Re2 a4 27. bxa4
Bxc3 28. Rxb7 Kxb7 29. Kxc3 Rxa4 30. Kb3 Ra5 31. a4 Kb6 32. Kb4 Ra7 33. Rd2 Kc6
34. Rd5 Kc7 35. Rb5 Ra8 36. a5 Ra6 37. Rd5 e6 38. Rb5 h5 39. Kc3 Kc6 40. Kb4
Kc7 41. e5 fxe5 42. fxe5 d5 43. cxd5 exd5 44. Rxd5 Ra8 45. e6 Re8 46. Re5 Kd6
47. Re1 Rb8+ 48. Kc4 Rc8+ 49. Kd4 Ke7 50. a6 Ra8 51. Ra1 Kxe6 52. a7 Kf5 53.
Kc5 Kg4 54. Kb6 Kh3 55. Ra2 Rf8 56. Rc2 g5 57. Kb7 Rf7+ 58. Kb8 Rf8+ 59. Rc8
Rxc8+ 60. Kxc8 Kxh2 61. a8=Q Kxg3 62. Qb8+ Kh3 63. Qe5 Kg4 64. Qh2 h4 65. Qg2+
Kf4 66. Qh3 g4 67. Qxh4 Kf3 68. Qh1+ Kf2 69. Qh2+ Kf3 70. Kd7 1-0

[Event "4NCL/Div2a/AMCAD vs. BRJ"]
[Site "Hinckley Island ENG"]
[Date "2010.02.21"]
[Round "6.7"]
[White "Tart, Peter K"]
[Black "Bourne, Johnathan D"]
[Result "1/2-1/2"]
[WhiteElo "2078"]
[BlackElo "2073"]
[PlyCount "29"]
[EventDate "2010.02.21"]
[SourceDate "2009.10.24"]

1. e4 e5 2. Nf3 Nc6 3. Bb5 f5 4. Nc3 Nf6 5. Qe2 Nd4 6. Nxd4 exd4 7. exf5+ Be7
8. Ne4 O-O 9. O-O d5 10. Ng3 c5 11. c3 a6 12. Ba4 Ne4 13. Bc2 Nxg3 14. fxg3 Bf6
15. Rb1 1/2-1/2

[Event "4NCL/Div2a/AMCAD vs. BRJ"]
[Site "Hinckley Island ENG"]
[Date "2010.02.21"]
[Round "6.8"]
[White "Richmond, Jane"]
[Black "Holland, James P"]
[Result "1/2-1/2"]
[WhiteElo "2118"]
[BlackElo "1973"]
[PlyCount "62"]
[EventDate "2010.02.21"]
[SourceDate "2009.10.24"]

1. e4 e5 2. Nf3 Nc6 3. Bb5 a6 4. Ba4 Nf6 5. O-O Be7 6. Re1 b5 7. Bb3 d6 8. c3
O-O 9. d4 Bg4 10. d5 Na5 11. Nbd2 c6 12. dxc6 Nxb3 13. axb3 Qc7 14. c4 Qxc6 15.
h3 Bh5 16. Qe2 Rfc8 17. Qd3 Ne8 18. Nh2 Nc7 19. Nhf1 Ne6 20. Ne3 Nf4 21. Qf1
Bd8 22. g3 Ne6 23. Nd5 Qd7 24. Kh2 a5 25. Qd3 b4 26. g4 Bg6 27. Nf1 Nc5 28. Qf3
Rab8 29. Bd2 Ne6 30. Ng3 Nd4 31. Qd3 h6 1/2-1/2

[Event "4NCL/Div2a/ANGA vs. WRO2"]
[Site "Hinckley Island ENG"]
[Date "2010.02.21"]
[Round "6.1"]
[White "Talsma, Paul A"]
[Black "Adams, David M"]
[Result "1-0"]
[WhiteElo "2252"]
[BlackElo "2217"]
[PlyCount "71"]
[EventDate "2010.02.21"]
[SourceDate "2009.10.24"]

1. d4 d5 2. c4 c6 3. Nf3 Nf6 4. Nc3 dxc4 5. a4 Bf5 6. Nh4 Bd7 7. e3 b5 8. Nf3
e6 9. Ne5 Bb4 10. Qf3 O-O 11. Bd2 Nd5 12. Be2 a5 13. O-O Ra7 14. Qg3 Nxc3 15.
bxc3 Bd6 16. f4 Be8 17. Bf3 f6 18. Ng4 Bg6 19. Nf2 e5 20. fxe5 fxe5 21. Ne4
Bxe4 22. Bxe4 Rxf1+ 23. Rxf1 Qe7 24. Qh3 g6 25. d5 c5 26. axb5 Nd7 27. Bf3 e4
28. Bg4 Ne5 29. Bc8 Bc7 30. Be1 a4 31. Qh6 Nf7 32. Rxf7 Kxf7 33. Qxh7+ Ke8 34.
Qg8+ Qf8 35. Bd7+ Kxd7 36. Qe6+ 1-0

[Event "4NCL/Div2a/ANGA vs. WRO2"]
[Site "Hinckley Island ENG"]
[Date "2010.02.21"]
[Round "6.2"]
[White "Shaw, Peter"]
[Black "Player, Edmund C"]
[Result "1-0"]
[WhiteElo "2156"]
[BlackElo "2156"]
[PlyCount "73"]
[EventDate "2010.02.21"]
[SourceDate "2009.10.24"]

1. d4 d5 2. c4 dxc4 3. Nf3 Nf6 4. Nc3 a6 5. a4 e6 6. Bg5 c5 7. e3 Nbd7 8. Bxc4
Be7 9. O-O O-O 10. Qe2 Qc7 11. Rac1 b6 12. d5 Ne5 13. Nxe5 Qxe5 14. Bf4 Qf5 15.
dxe6 fxe6 16. Bd3 Qg4 17. Qxg4 Nxg4 18. Rfd1 Nxf2 19. Kxf2 g5 20. Kg3 gxf4+ 21.
exf4 Bd8 22. Bc4 Kh8 23. Ne4 Ra7 24. Rc3 e5 25. Nd6 Rg7+ 26. Kf2 Bg4 27. Rd2
Rxf4+ 28. Kg1 Bg5 29. Rf2 Bh5 30. Rh3 Bg6 31. Rxf4 Bxf4 32. Bxa6 Rd7 33. Nc8 e4
34. Nxb6 e3 35. Nxd7 Bf5 36. Rf3 e2 37. Bxe2 1-0

[Event "4NCL/Div2a/ANGA vs. WRO2"]
[Site "Hinckley Island ENG"]
[Date "2010.02.21"]
[Round "6.3"]
[White "Munson, Shaun D"]
[Black "Arnott, Jonathan W"]
[Result "0-1"]
[WhiteElo "2172"]
[BlackElo "2154"]
[PlyCount "98"]
[EventDate "2010.02.21"]
[SourceDate "2009.10.24"]

1. d4 d5 2. Bg5 h6 3. Bh4 c6 4. Nc3 Qb6 5. Qd2 Qxb2 6. Rb1 Qa3 7. e3 Nd7 8. Nf3
e6 9. Bd3 Bb4 10. Rb3 Bxc3 11. Rxc3 Qxa2 12. O-O Qa5 13. Bg3 Ne7 14. Bd6 Qd8
15. Rb3 O-O 16. Ra1 Re8 17. Ba3 a5 18. c4 dxc4 19. Bxc4 b6 20. Bd3 Ba6 21. Bb1
e5 22. Qc2 Ng6 23. Ba2 exd4 24. Nxd4 c5 25. Nf3 Nde5 26. Nxe5 Nxe5 27. Rd1 Qc7
28. Rbb1 Rad8 29. Bd5 Ng4 30. g3 Nf6 31. Bg2 Rxd1+ 32. Rxd1 Rd8 33. Bb2 Rxd1+
34. Qxd1 Qd7 35. Qe1 Qb5 36. Qa1 a4 37. h3 Ne8 38. Bd5 Qd7 39. e4 b5 40. Qc1
Qd6 41. Qe3 b4 42. Qf3 Nf6 43. Ba8 a3 44. Ba1 Qd3 45. Qf5 Qd1+ 46. Kh2 Qxa1 47.
e5 Qd4 48. exf6 Qxf6 49. Qxc5 a2 0-1

[Event "4NCL/Div2a/ANGA vs. WRO2"]
[Site "Hinckley Island ENG"]
[Date "2010.02.21"]
[Round "6.4"]
[White "O'Driscoll, Keiran"]
[Black "Merry, Alan B"]
[Result "1-0"]
[WhiteElo "2062"]
[BlackElo "2074"]
[PlyCount "113"]
[EventDate "2010.02.21"]
[SourceDate "2009.10.24"]

1. d4 c5 2. d5 e5 3. c4 d6 4. Nc3 g6 5. e4 Bg7 6. g3 Nf6 7. Bg2 O-O 8. Nge2 Nh5
9. O-O f5 10. f4 fxe4 11. Bxe4 Bh3 12. Bg2 Bxg2 13. Kxg2 Nd7 14. Qc2 Qe7 15.
Bd2 Rae8 16. Rae1 exf4 17. Nxf4 Nxf4+ 18. Bxf4 Qxe1 19. Rxe1 Rxe1 20. Bxd6 Rfe8
21. Qa4 Nb6 22. Qxa7 Nxc4 23. Bxc5 Nxb2 24. Bd4 Bf8 25. Qxb7 Nd1 26. Qc6 Nxc3
27. Bxc3 R8e2+ 28. Kh3 Rh1 29. d6 Rhxh2+ 30. Kg4 h5+ 31. Kg5 Re6 32. Qd5 Rhe2
33. Bf6 Bxd6 34. Kxg6 R2e5 35. Qb7 Be7 36. Qc8+ Bf8 37. Qd7 Re7 38. Bxe7 Rxe7
39. Qd5+ Kh8 40. Qxh5+ Kg8 41. Qd5+ Kh8 42. g4 Rh7 43. a4 Rg7+ 44. Kf5 Be7 45.
Qd2 Bc5 46. Qc3 Be7 47. a5 Kh7 48. a6 Rg5+ 49. Kf4 Rc5 50. Qh3+ Kg6 51. a7 Ra5
52. Qh5+ Rxh5 53. gxh5+ Kh7 54. a8=Q Bf8 55. Kf5 Bg7 56. Qe8 Bf8 57. Qf7+ 1-0

[Event "4NCL/Div2a/ANGA vs. WRO2"]
[Site "Hinckley Island ENG"]
[Date "2010.02.21"]
[Round "6.5"]
[White "Gray, Mark S"]
[Black "Faulks, Nick"]
[Result "0-1"]
[WhiteElo "2089"]
[BlackElo "2111"]
[PlyCount "74"]
[EventDate "2010.02.21"]
[SourceDate "2009.10.24"]

1. e4 c5 2. Nc3 e6 3. f4 d5 4. Nf3 d4 5. Nb1 Nf6 6. d3 Nc6 7. Be2 g6 8. Nbd2
Bg7 9. e5 Nd5 10. Ne4 O-O 11. O-O b6 12. Nd6 Bd7 13. Qe1 f6 14. exf6 Nxf6 15.
Ne5 Nb4 16. Bd1 Ba4 17. Nef7 Qe7 18. b3 Bc6 19. f5 gxf5 20. Rxf5 Rxf7 21. Nxf7
Qxf7 22. Rf2 Re8 23. Bg4 e5 24. Bf5 Qh5 25. a4 Nxc2 26. Bxh7+ Qxh7 27. Rxc2
Qxd3 28. Re2 Qg6 29. b4 d3 30. Rd2 e4 31. Qg3 Qxg3 32. hxg3 c4 33. a5 e3 34.
axb6 exd2 35. Bxd2 Ne4 36. Rxa7 Nxd2 37. b7 Bd4+ 0-1

[Event "4NCL/Div2a/ANGA vs. WRO2"]
[Site "Hinckley Island ENG"]
[Date "2010.02.21"]
[Round "6.6"]
[White "Webb, Matthew D"]
[Black "Cook, Michael P"]
[Result "1/2-1/2"]
[WhiteElo "1986"]
[BlackElo "2073"]
[PlyCount "141"]
[EventDate "2010.02.21"]
[SourceDate "2009.10.24"]

1. e4 e5 2. Bc4 Nf6 3. d4 exd4 4. Nf3 Nc6 5. e5 d5 6. Bb5 Ne4 7. Nxd4 Bd7 8.
Bxc6 bxc6 9. O-O Be7 10. f3 Nc5 11. Nc3 O-O 12. Re1 Ne6 13. Kh1 Nxd4 14. Qxd4
Bf5 15. Be3 Qb8 16. b3 Qb4 17. Na4 Rfe8 18. Qxb4 Bxb4 19. c3 Be7 20. Bc5 Bg5
21. g3 Bd3 22. f4 Bh6 23. Bd4 Be4+ 24. Kg1 g5 25. Nc5 Bf5 26. Kg2 g4 27. h3
gxh3+ 28. Kf3 Bf8 29. g4 Bc8 30. f5 h5 31. Kf4 hxg4 32. Kxg4 Kh7 33. e6 fxe6
34. Nxe6 Bxe6 35. fxe6 Bd6 36. Kxh3 Rg8 37. Be5 Rg6 38. Bxd6 cxd6 39. e7 Re8
40. Re3 Kg7 41. Kh2 Rh8+ 42. Rh3 Rxh3+ 43. Kxh3 Re6 44. Rd1 Kf7 45. Rd4 Re3+
46. Kg2 Rxc3 47. Ra4 Kxe7 48. Rxa7+ Ke6 49. Kf2 d4 50. Ke2 Ke5 51. Kd2 c5 52.
Ra6 Rg3 53. Kc2 Ke4 54. Rxd6 Rg2+ 55. Kb1 Kd3 56. Rd5 c4 57. bxc4 Kc3 58. a4 d3
59. c5 d2 60. c6 Rg1+ 61. Ka2 Rg4 62. Ka3 Rc4 63. a5 Rxc6 64. Rxd2 Kxd2 65. Kb4
Kd3 66. Kb5 Rc2 67. a6 Kd4 68. a7 Ra2 69. Kb6 Kd5 70. Kb7 Rb2+ 71. Kc7 1/2-1/2

[Event "4NCL/Div2a/ANGA vs. WRO2"]
[Site "Hinckley Island ENG"]
[Date "2010.02.21"]
[Round "6.7"]
[White "Gregory, Stephen J"]
[Black "Whitaker, Thomas R"]
[Result "1-0"]
[WhiteElo "2126"]
[BlackElo "1954"]
[PlyCount "79"]
[EventDate "2010.02.21"]
[SourceDate "2009.10.24"]

1. e4 c5 2. Nf3 Nc6 3. d3 g6 4. g3 Bg7 5. Bg2 e6 6. O-O Nge7 7. Re1 d5 8. Nc3
O-O 9. Bd2 a6 10. Qc1 d4 11. Ne2 b5 12. Bh6 c4 13. Bxg7 Kxg7 14. e5 Rb8 15. Qd2
Qd7 16. Rad1 Rd8 17. g4 Kg8 18. Qh6 Nd5 19. Nf4 Nxf4 20. Qxf4 Bb7 21. Qh6 Rf8
22. Ng5 f6 23. exf6 Rxf6 24. Ne4 Rbf8 25. Nxf6+ Rxf6 26. Qh4 Kg7 27. Re2 e5 28.
Qg3 Rf4 29. h3 g5 30. Be4 Kf6 31. Rde1 Qe7 32. h4 h5 33. f3 hxg4 34. hxg5+ Kxg5
35. Bxc6 Kf5 36. Rxe5+ Qxe5 37. Rxe5+ Kxe5 38. Bxb7 gxf3 39. Bxf3 a5 40. Be4
1-0

[Event "4NCL/Div2a/ANGA vs. SAMS"]
[Site "Staverton Park ENG"]
[Date "2010.03.27"]
[Round "7.1"]
[White "Munson, Shaun D"]
[Black "Rendle, Thomas E"]
[Result "1/2-1/2"]
[WhiteElo "2172"]
[BlackElo "2396"]
[PlyCount "139"]
[EventDate "2010.03.27"]
[SourceDate "2009.10.24"]

1. d4 e6 2. Nf3 f5 3. e3 Nf6 4. c4 d6 5. Be2 Be7 6. O-O O-O 7. b4 Qe8 8. Bb2
Nbd7 9. Nbd2 a5 10. a3 b6 11. Bc3 a4 12. Rb1 b5 13. cxb5 Nb6 14. Rc1 Bd7 15.
Bb2 Nbd5 16. Nb1 Bxb5 17. Bxb5 Qxb5 18. Nc3 Nxc3 19. Bxc3 Nd5 20. Bd2 Qd3 21.
Bc3 Qb5 22. Bd2 Qd3 23. Bc3 Qe4 24. Qc2 Qg4 25. Bd2 Rf6 26. h3 Qh5 27. e4 fxe4
28. Qxe4 Raf8 29. Nh2 Qf7 30. f4 Qg6 31. Rce1 Qf5 32. Qxf5 exf5 33. Nf3 h6 34.
Rf2 Bd8 35. Rfe2 R6f7 36. Rc1 Re7 37. Rxe7 Bxe7 38. Rc6 Ra8 39. Kf2 Kf7 40. Ke2
Ke8 41. Kd3 Kd7 42. Rc1 c6 43. Rf1 Rf8 44. Rb1 Nc7 45. Re1 Bf6 46. Kc4 Rb8 47.
Bc1 Rb5 48. Rd1 Rd5 49. Rd3 Na8 50. Be3 Nb6+ 51. Kc3 Rb5 52. g4 Ke6 53. g5 hxg5
54. fxg5 Be7 55. h4 Nd5+ 56. Kc2 f4 57. Bf2 Kf5 58. Kd2 g6 59. Ke2 Rb8 60. Nd2
Kg4 61. Nf1 Re8 62. Nh2+ Kf5 63. Kf3 Bf8 64. Ng4 Bg7 65. Rd1 Nb6 66. Rc1 Rc8
67. Re1 Rc7 68. Rc1 d5 69. Re1 Nc4 70. Re2 1/2-1/2

[Event "4NCL/Div2a/ANGA vs. SAMS"]
[Site "Staverton Park ENG"]
[Date "2010.03.27"]
[Round "7.2"]
[White "Roberson, Peter T"]
[Black "Talsma, Paul A"]
[Result "1/2-1/2"]
[WhiteElo "2256"]
[BlackElo "2246"]
[PlyCount "48"]
[EventDate "2010.03.27"]
[SourceDate "2009.10.24"]

1. e4 e5 2. Nf3 Nc6 3. Bb5 a6 4. Bxc6 dxc6 5. O-O f6 6. d4 exd4 7. Nxd4 c5 8.
Nb3 Qxd1 9. Rxd1 Bg4 10. f3 Be6 11. Bf4 c4 12. Nd4 O-O-O 13. Nc3 Bf7 14. Nf5
Rxd1+ 15. Rxd1 Ne7 16. Ne3 Ng6 17. Bg3 Bc5 18. Bf2 Rd8 19. Rxd8+ Kxd8 20. Nf5
Bf8 21. Bg3 Ne7 22. Ne3 Kd7 23. Kf1 b5 24. Ke2 Kc6 1/2-1/2

[Event "4NCL/Div2a/ANGA vs. SAMS"]
[Site "Staverton Park ENG"]
[Date "2010.03.27"]
[Round "7.3"]
[White "Player, Edmund C"]
[Black "Williams, Samuel G"]
[Result "1/2-1/2"]
[WhiteElo "2156"]
[BlackElo "2198"]
[PlyCount "64"]
[EventDate "2010.03.27"]
[SourceDate "2009.10.24"]

1. e4 c5 2. Nc3 Nc6 3. Bb5 Nd4 4. Bc4 Nf6 5. Nge2 e6 6. O-O a6 7. d3 b5 8. Bb3
Nxb3 9. axb3 Bb7 10. f4 d5 11. e5 d4 12. exf6 dxc3 13. f5 e5 14. fxg7 Bxg7 15.
Nxc3 Qd4+ 16. Kh1 Rg8 17. Qe2 Bh6 18. Bxh6 Bxg2+ 19. Qxg2 Rxg2 20. Kxg2 Qg4+
21. Kh1 O-O-O 22. f6 c4 23. bxc4 bxc4 24. dxc4 Qh3 25. Nd5 Qxh6 26. Rxa6 Qh3
27. Raa1 Kb7 28. Rf2 Qg4 29. Ra3 Qxc4 30. Rb3+ Ka7 31. Ra3+ Kb7 32. Rb3+ Ka7
1/2-1/2

[Event "4NCL/Div2a/ANGA vs. SAMS"]
[Site "Staverton Park ENG"]
[Date "2010.03.27"]
[Round "7.4"]
[White "Varnam, Liam D"]
[Black "Gray, Mark S"]
[Result "1-0"]
[WhiteElo "2148"]
[BlackElo "2089"]
[PlyCount "83"]
[EventDate "2010.03.27"]
[SourceDate "2009.10.24"]

1. e4 e5 2. Nf3 Nc6 3. Bb5 a6 4. Ba4 Nf6 5. O-O Nxe4 6. d4 b5 7. Bb3 d5 8. dxe5
Be6 9. Qe2 Be7 10. Rd1 O-O 11. Be3 Na5 12. c3 Nxb3 13. axb3 Bc5 14. Nd4 Bb6 15.
b4 Bxd4 16. Bxd4 Bf5 17. f3 Ng5 18. Be3 Bxb1 19. Rdxb1 Re8 20. h4 Ne6 21. Qf2
c6 22. f4 Nf8 23. Bd4 Qc8 24. f5 g6 25. g4 Nd7 26. Re1 Nf8 27. Qf4 Qd7 28. Bc5
h5 29. Kh2 hxg4 30. Bxf8 Rxf8 31. f6 Qf5 32. Qxf5 gxf5 33. Rf1 Kh7 34. Rxf5 Rg8
35. Rh5+ Kg6 36. Rg5+ Kh7 37. Kg3 Rxg5 38. hxg5 Re8 39. Re1 Kg6 40. Kxg4 Re6
41. Rh1 Rxe5 42. Rh6# 1-0

[Event "4NCL/Div2a/ANGA vs. SAMS"]
[Site "Staverton Park ENG"]
[Date "2010.03.27"]
[Round "7.5"]
[White "Boulton, William JK"]
[Black "Ruston, Mark R"]
[Result "1/2-1/2"]
[WhiteElo "2058"]
[BlackElo "2099"]
[PlyCount "46"]
[EventDate "2010.03.27"]
[SourceDate "2009.10.24"]

1. d4 e6 2. c4 f5 3. Nc3 Nf6 4. g3 Bb4 5. a3 Bxc3+ 6. bxc3 Ne4 7. f3 Nf6 8. Bg2
d5 9. cxd5 exd5 10. Nh3 Nbd7 11. O-O O-O 12. Nf2 Nb6 13. e4 Bd7 14. Qb3 Ba4 15.
Qb1 fxe4 16. fxe4 Nxe4 17. Nxe4 Rxf1+ 18. Bxf1 dxe4 19. Qxe4 Bc6 20. Qe6+ Kh8
21. Bd3 Qe8 22. Qxe8+ Rxe8 23. Bd2 Bd5 1/2-1/2

[Event "4NCL/Div2a/ANGA vs. SAMS"]
[Site "Staverton Park ENG"]
[Date "2010.03.27"]
[Round "7.6"]
[White "Edgell, Ben P"]
[Black "Merry, Alan B"]
[Result "1-0"]
[WhiteElo "2100"]
[BlackElo "2074"]
[PlyCount "119"]
[EventDate "2010.03.27"]
[SourceDate "2009.10.24"]

1. d4 d5 2. Nf3 Nf6 3. g3 e6 4. Bg2 Be7 5. O-O O-O 6. Nbd2 c6 7. c4 Nbd7 8. Qc2
b6 9. e4 Ba6 10. e5 Ne8 11. Rd1 dxc4 12. Nxc4 Rc8 13. b3 Qc7 14. Bg5 Nb8 15.
Bxe7 Qxe7 16. Ne3 Nc7 17. Rac1 Rfd8 18. h4 h6 19. Qb2 Rd7 20. Nd2 Rcd8 21. Nf3
Bb7 22. Nc4 Ne8 23. Ne1 Na6 24. Ne3 Rc7 25. a3 Qd7 26. Qe2 Qc8 27. b4 Qa8 28.
f4 Rcd7 29. N1c2 c5 30. dxc5 Rxd1+ 31. Rxd1 Rxd1+ 32. Qxd1 Bxg2 33. Nxg2 bxc5
34. Qd3 Qc8 35. Nge3 cxb4 36. axb4 Nec7 37. Qc4 Qb7 38. Kf2 Qb5 39. Qxb5 Nxb5
40. Ke2 Kf8 41. Kd3 Ke7 42. Kc4 Nac7 43. g4 Kd7 44. h5 Kc6 45. g5 Nd5 46. Nxd5
exd5+ 47. Kd3 Nc7 48. Nd4+ Kd7 49. f5 Ke8 50. f6 Kf8 51. fxg7+ Kxg7 52. Nf5+
Kf8 53. gxh6 Kg8 54. Kd4 Kh7 55. Kc5 Ne6+ 56. Kxd5 Nf4+ 57. Ke4 Nxh5 58. Kf3
Kg6 59. Kg4 a6 60. h7 1-0

[Event "4NCL/Div2a/ANGA vs. SAMS"]
[Site "Staverton Park ENG"]
[Date "2010.03.27"]
[Round "7.7"]
[White "Gregory, Stephen J"]
[Black "Lutton, J Ezra"]
[Result "0-1"]
[WhiteElo "2115"]
[BlackElo "2098"]
[PlyCount "80"]
[EventDate "2010.03.27"]
[SourceDate "2009.10.24"]

1. e4 Nc6 2. Bb5 Nf6 3. d3 a6 4. Bxc6 bxc6 5. e5 Nd5 6. c4 Nb6 7. Nf3 d6 8. O-O
g6 9. Re1 Bg7 10. exd6 cxd6 11. Nc3 O-O 12. Be3 Rb8 13. Qd2 Bg4 14. Nd4 Bd7 15.
c5 dxc5 16. Nb3 c4 17. Bxb6 Rxb6 18. dxc4 Be6 19. Qe2 Rb4 20. c5 Qc7 21. Qxa6
Bxb3 22. axb3 Rxb3 23. Na4 Rfb8 24. Rab1 Bd4 25. Qc4 R3b4 26. Qc2 Qf4 27. Nb6
Bxc5 28. Nd7 Rc4 29. Qe2 Rb7 30. Ne5 Rd4 31. g3 Qf6 32. Rbc1 Rd5 33. Ng4 Qxb2
34. Rc2 Qb5 35. Qf3 f5 36. Ne5 Rxe5 37. Rxe5 Qb1+ 38. Kg2 Qxc2 39. Re2 Qa4 40.
Re6 Rb2 0-1